S.O.S by Seventeen (all lyrics) - Statistics

General Stats
  • This quiz has been taken 247 times
  • The average score is 326 of 446
Answer Stats
Hint Answer % Correct
so
98%
i
96%
Chorus | chorus sos
96%
a
95%
verse 1 day
93%
the
93%
you
93%
we
91%
now
90%
right
90%
me
89%
to
88%
where
87%
is
85%
post- chorus | post-chorus just
85%
on
85%
when
85%
be
83%
every
83%
it
83%
dont
82%
can
81%
come
81%
danger
80%
your
80%
love
79%
shoot
79%
were
79%
an
78%
fightin
78%
want
78%
keep
77%
tell
77%
refrain ill
76%
im
76%
people
76%
friend
75%
all
74%
cause
74%
dyin
74%
find
74%
go
74%
her
74%
like
74%
never
74%
target
74%
war
74%
what
74%
killin
73%
silent
73%
spin
73%
sweet
73%
time
73%
worry
73%
next
72%
yeah
72%
waitin
71%
world
71%
its
70%
whos
70%
please
69%
way
69%
dangerous
68%
wanted
68%
stick
67%
here
66%
run
66%
this
64%
and
63%
away
63%
out
63%
for
62%
gonna
62%
oh
62%
infinite
59%
roulette
59%
sticker
59%
back
58%
looks
58%
our
58%
second
56%
that
56%
white
56%
okay
55%
are
54%
late
54%
tomorrow
54%
us
54%
aint
53%
intro mello
53%
brighter
52%
happiness
52%
already
51%
by
51%
cant
51%
from
51%
side
51%
cool
49%
isnt
49%
know
49%
have
48%
made
48%
bad
47%
need
47%
easy
46%
normalize
46%
up
46%
water
46%
fighting
45%
goin
45%
gotta
45%
become
44%
dark
43%
song
43%
whoa
43%
cover
42%
if
42%
thoughts
42%
forest
41%
stand
41%
straight
41%
anymore
40%
down
39%
killing
39%
lean
39%
there
39%
did
38%
feel
38%
ocean
37%
courage
36%
sell
36%
smile
36%
each
35%
say
35%
again
34%
buy
34%
other
34%
together
34%
recognize
33%
walk
33%
wanna
32%
whats
32%
only
31%
dial
30%
verse 2 hidin
30%
both
27%
woah
26%
head
23%
truth
13%
reget
8%
No matching quizzes found
Score Distribution
Percent of People with Each Score
Percentile by Number Answered
Your Score History
You have not taken this quiz